LEADER 00836nam0-22002651i-450- 001 990005107880403321 005 19990530 035 $a000510788 035 $aFED01000510788 035 $a(Aleph)000510788FED01 035 $a000510788 100 $a19990530g19649999km-y0itay50------ba 101 0 $aita 105 $af-------00--- 200 1 $aGeschichte der griechischen Etymologika$eEin Beitrag zur Geschichte der Philologie in Alexandria und Byzanz$fvon Richard Reitzenstein 210 $aAmsterdam$cA.M. Hakkert$d1964. 215 $aIX, 408 p., 2 tav.$d23 cm 700 1$aReitzenstein,$bRichard$0177869 801 0$aIT$bUNINA$gRICA$2UNIMARC 901 $aBK 912 $a990005107880403321 952 $aIV G 38$bBibl. 38.917$fFLFBC 959 $aFLFBC 996 $aGeschichte der griechischen Etymologika$9535196 997 $aUNINA LEADER 01029nam--2200337---450- 001 990006032460203316 005 20150428135555.0 010 $a88-87669-36-8 035 $a000603246 035 $aUSA01000603246 035 $a(ALEPH)000603246USA01 035 $a000603246 100 $a20150428d2003----km-y0itay50------ba 101 $aita 102 $aIT 105 $aa---||||001yy 200 1 $aArchitettura e simulazione$ela rappresentazione dell'idea dal modello fisico al modello virtuale$fRita Valenti 210 $aSiracusa$cMediterraneo Tipografia$d2003 215 $a176 p.$cill.$d26 cm 606 0 $aModelli architettonici$2BNCF 606 0 $aElaboratori$xImpiego [in] Architettura$2BNCF 676 $a720.285 700 1$aVALENTI,$bRita$0620246 801 0$aIT$bsalbc$gISBD 912 $a990006032460203316 951 $a720.285 VAL$b648 Crd.$c720$d00330757 959 $aBK 969 $aCRD 979 $aPAOLA$b90$c20150428$lUSA01$h1355 996 $aArchitettura e simulazione$91075436 997 $aUNISA LEADER 00900nam a2200229 i 4500 001 991002734719707536 008 035 $ab14223958-39ule_inst 040 $aBibl. Dip.le Aggr. DiSTeBA - Sez. Biologia$beng 082 0 $a592.48$222 100 1 $aPalumbo, Arturo$0480631 245 12$aI Trematodi d'Italia :$bparte I Trematodi Monogenetici /$cArturo Palombi 260 $aTorino :$bRosenberg & Sellier,$c1949 300 $ap. 203-408 :$bill. ;$c25 cm 500 $aExtract by Archivio Zoologico Italia ; vol. XXXIV 650 4$aTrematoda$zItaly 907 $a.b14223958$b17-04-15$c16-04-15 912 $a991002734719707536 945 $aLE003 Fondo Parenzan 592 PAL1 (1949)$g1$lle003$og$pE0.00$q-$rs$s- $t0$u0$v0$w0$x0$y.i1566756x$z17-04-15 996 $aTrematodi d'Italia$9256740 997 $aUNISALENTO 998 $ale003$b16-04-15$cm$da $e $fita$git $h2$i0